| 000 | 00773cam a2200241 a 4500 | ||
|---|---|---|---|
| 999 |
_c14368 _d14368 |
||
| 001 | 479967 | ||
| 003 | OSt | ||
| 005 | 20211209103812.0 | ||
| 008 | 840822s1985 nyu 000 1 eng | ||
| 010 | _a 84018938 | ||
| 020 | _a9788172234881 | ||
| 020 | _a0688042171 | ||
| 040 |
_aDLC _cDLC _dDLC |
||
| 050 | 0 | 0 |
_aPS3569.H3927 _bI35 1985 |
| 082 | 0 | 0 |
_a813.54 _bSHE/I |
| 100 |
_aSheldon, Sidney _95160 |
||
| 245 | 1 | 0 |
_aIf tomorrow comes / _cby Sidney Sheldon. |
| 260 |
_aNew York : _bMorrow, _c1985. |
||
| 300 | _a501 p. ; | ||
| 856 | 4 | 2 |
_3Contributor biographical information _uhttp://www.loc.gov/catdir/enhancements/fy1308/84018938-b.html |
| 906 |
_a7 _bcbc _corignew _d1 _eocip _f19 _gy-gencatlg |
||
| 942 |
_2ddc _cBK _h813.54 _iSHE/I _k813.54 _mSHE/I |
||